Sonic Villains - Statistics

General Stats
  • This quiz has been taken 163 times
  • The average score is 14 of 21
Answer Stats
Game Answer % Correct
Sonic Adventure Chaos
87%
Almost All Dr. Eggman
87%
Various/Sonic Heroes Metal Sonic
86%
Sonic Forces Infinite
81%
Sonic Adventure 2 Gerald Robotnik/Biolizard
76%
Sonic Riders Series Jet
76%
Sonic Lost World Zavok
76%
Shadow the Hedgehog Black Doom
75%
Sonic 06 Mephiles
74%
Sonic Lost World Zazz
70%
Sonic Riders Series Wave
65%
Sonic Riders Series Storm
64%
Sonic 06 Iblis
63%
Sonic 06 Solaris
60%
Sonic Rush Series/Sonic Rivals Series Eggman Nega
59%
Sonic Lost World Zeena
57%
Sonic Frontiers The End
56%
Sonic Lost World Master Zik
51%
Sonic Superstars Fang
46%
Sonic Lost World Zor
46%
Sonic Lost World Zomom
42%
No matching quizzes found
Score Distribution
Percent of People with Each Score
Percentile by Number Answered
Your Score History
You have not taken this quiz